00373nam a2200109 450000500170000002000180001708200200003510000210005524501430007626000330021930000110025220260520112435.0 a9789364873635 a894.812 8 NIB.V aNibulal Vettoor  aVinimayamalayalavum sargathmaka rachanayum ( വിനിമയമലയാളവും സർഗ്ഗാത്മക രചനയും) aKottayam :bDC books,cc2025 a158p.